004730000a22001210004500090001700000245011700017041001400134700002700148100003200175942001300207773011400220999001700334 aASbSeriadas10aMigración de Leptonycteris curasoae () en las zonas áridas del norte de Colombia0 aEspañol1 aCadena, Alberto9219771 aSánchez, Francisco921975 cARTICULO1 tRevista de la Academia Colombiana de Ciencias Exactas, Fisicas y Naturales332hSupl. Esp.q683-686d1999g23 c14303d14303